000 00627nam a2200193Ia 4500
008 151121s9999||||xx |||||||||||||| ||und||
082 _a811।7/नाडक
082 _bHNW-51387
100 _aनाडकर्णी सुरेशचंद्र
245 _aगजल
260 _b"श्रीगंधर्व-वेद प्रकाशन, पुणे।"
260 _c--
300 _a218
600 _aनाडकर्णी सुरेशचंद्र
630 _aगजल
700 _aनाडकर्णी सुरेशचंद्र
730 _aगजल
942 _cBOOK
999 _c1235786
_d1235783